Pribúda kritiky na netransparentnosť v riadení zdravotníctva

Podozrenia z málo transparentných postupov na Ministerstve zdravotníctva (MZ) SR. Príprava novely zákona č. 140/1998 o liekoch a zdravotníckych pomôckach. Kritika kategorizácie liečiv. Spory na onkológii. Kauza okolo netransparentnosti nákupu nových mamografov.

Enregistré dans:
Détails bibliographiques
Auteur principal: Velecký, Milan
Format: Chapitre de livre
Langue:slovaque
Sujets:
Tags: Ajouter un tag
Pas de tags, Soyez le premier à ajouter un tag!

MARC

LEADER 00000naa a2200000 4500
001 r040756
005 20230921111106.0
041 0 |a slo 
044 |a SK 
245 1 0 |a Pribúda kritiky na netransparentnosť v riadení zdravotníctva  |c Milan Velecký 
520 |a Podozrenia z málo transparentných postupov na Ministerstve zdravotníctva (MZ) SR. Príprava novely zákona č. 140/1998 o liekoch a zdravotníckych pomôckach. Kritika kategorizácie liečiv. Spory na onkológii. Kauza okolo netransparentnosti nákupu nových mamografov. 
610 2 0 |a zdravotníctvo 
610 2 0 |a riadenie 
610 2 0 |a liečivá 
610 2 0 |a Slovensko 
610 2 0 |a Národný onkologický ústav Bratislava 
610 2 0 |a Onkologický ústav sv. Alžbety Bratislava 
610 2 0 |a Ministerstvo zdravotníctva SR 
610 2 0 |a zákony 
610 2 0 |a novelizácia 
100 1 |a Velecký, Milan